| 000 | 00538nam a2200181 a 4500 | ||
|---|---|---|---|
| 005 | 20220902123700.0 | ||
| 008 | 991125n1994 mx 000 0 spa u | ||
| 035 | _aUPN01000027546 | ||
| 049 | _aCG | ||
| 050 | 4 |
_aF1232 H5 _bS6.3 |
|
| 100 | 1 | _aSolís Robledo, José | |
| 245 | 1 | 0 |
_aHidalgo : _bpatria y revolución / _cpor José Solís Robledo. |
| 260 |
_aMéxico : _bCNEHPS, _bPRI, _c[1994]. |
||
| 300 |
_a188 p. : _bfotos |
||
| 440 | 0 | _aSemblanzas históricas | |
| 600 | 1 | 2 |
_aHidalgo y Costilla, Miguel, _d1753-1811 _916388 |
| 905 | _aLibro | ||
| 999 |
_c27546 _d27546 |
||